000 01191nam a2200361 i 4500
003 EG-GICUC
005 20260429122441.0
008 260424r19591960njuo|||f |||| 001 0 eng d
020 _a2802705059
040 _aEG-GiCUC
_beng
_cEG-GiCUC
_dEG-GiCUC
_eRda
041 _aeng
082 0 4 _221
_a343.6
_bBA . N
092 0 4 _221
099 _aLaw110 343.6 BA . N 3 ed - 1960 1011267 C1
100 1 _aBarnes, Harry Elmer
_eAuteur
245 1 0 _aNew Horizons In Criminology /
_cby Harry Elmer Barnes, Negley K. Teeters.
250 _aThird Edition
264 1 _aNew Jersey :
_bPrentice-hall, INC.,
_c1960.
300 _a654 pages ;
_c24 cm.
_billustration ;
336 _2rda contenu
_a texte
337 _2rda medias
_aOrdinateur
338 _2 transporteur rda
_a Ressource en ligne
500 _aIndex Pages : 627-654.
504 _aBibliography: pages 200-250. 240-220
546 _aTexte en français
650 1 4 _aCriminology
_2qrmak
650 1 4 _acriminal law
_2qrmak
651 1 _aRomânia
_xLegi și legislație
_2qrmak
700 1 _aTeeters, Negley K.
_eAuteur
856 4 0 _uhttps://fll.law.cu.edu.eg/fulltext/bks/B10-0000.pdf
905 _a164
942 _2ddc
_n0
_cBK
_e21
999 _c73280
_d73280